000 01451cam a22003734a 4500
001 15340186
003 OSt
005 20180116192424.0
008 080623s2009 njuabef b 001 0 eng
010 _a 2008027971
015 _aGBA8A5366
_2bnb
016 7 _a014708032
_2Uk
020 _a9780470048092 (hbk. : alk. paper)
020 _a0470048093 (hbk. : alk. paper)
035 _a(OCoLC)ocn209789797
035 _a(OCoLC)209789797
040 _aDLC
_cDLC
_dBTCTA
_dBAKER
_dYDXCP
_dUKM
_dC#P
_dCDX
_dBWX
_dDLC
050 0 0 _aTH7222
_b.L33 2009
082 0 0 _a697
_222
100 1 _aLechner, Norbert.
_97876
245 1 0 _aHeating, cooling, lighting :
_bsustainable design methods for architects /
_cNorbert Lechner.
250 _a3rd ed.
260 _aHoboken, N.J. :
_bJohn Wiley & Sons,
_cc2009.
300 _axix, 698 p., [4] p. of plates :
_bill. (some col.), maps (some col.), plans ;
_c29 cm.
504 _aIncludes bibliographical references (p. 679-684) and index.
650 0 _aHeating.
_97877
650 0 _aAir conditioning.
_97878
650 0 _aLighting.
_97879
856 4 1 _3Table of contents only
_uhttp://www.loc.gov/catdir/toc/ecip0821/2008027971.html
906 _a7
_bcbc
_corignew
_d1
_eecip
_f20
_gy-gencatlg
942 _2ddc
_cBK
999 _c354031
_d354031